| 000 | 01341nac a22002771u 4500 | ||
|---|---|---|---|
| 090 | _c2566 | ||
| 008 | 081120t xxu||||| |||| 00| 0 eng d | ||
| 010 | _a 2006010073 | ||
| 020 | _a9780072988437 (hard copy : alk. paper) | ||
| 020 | _a0072988436 (hard copy : alk. paper) | ||
| 020 | _a9780071103367 | ||
| 082 | 0 | 0 |
_a003.3 _bL4101 |
| 100 | _aLaw, Averill M. | ||
| 245 | 1 | 0 |
_aSimulation modeling and analysis / _cAverill M. Law. |
| 250 | _a4th ed. | ||
| 260 |
_aBoston : _bMcGraw-Hill,2006. _c2006. |
||
| 300 |
_axix, 768 p. : _bill. ; _c24 cm. _e+ 1 CD-ROM (4 3/4 in.) |
||
| 490 | 0 | _aMcGraw-Hill series in industrial engineering and management science | |
| 504 | _aIncludes bibliographical references (p. 719-750) and index. | ||
| 650 | 0 | _aDigital computer simulation. | |
| 856 | 4 | 1 |
_3Table of contents only _uhttp://www.loc.gov/catdir/toc/ecip0611/2006010073.html |
| 856 | 4 | 1 |
_3Publisher description _uhttp://www.loc.gov/catdir/enhancements/fy0702/2006010073-d.html |
| 942 |
_cBB _k003.3L4101 _2ddc |
||
| 999 |
_c2566 _d2566 |
||